| 000 | 00000nam##2200000za#4500 |
| 001 | 9.640969 |
| 003 | CaOODSP |
| 005 | 20210624222928 |
| 007 | cr ||||||||||| |
| 008 | 150407|1998||||xxc|||||o f|0| 0 fre|d |
| 040 | |aCaOODSP|bfre |
| 043 | |an-cn--- |
| 086 | 1 |aFs1-61/3-1997F-PDF |
| 110 | 1 |aCanada.|bMinistère des pêches et des océans.|bConseil pour la conservation des ressources halieutiques. |
| 245 | 10|a1998--Impératifs de conservation des stocks de sébaste pour les unités 1, 2 et 3, et la division 3-O : |h[ressource électronique]|brapport au Ministre des Pêches et des Océans |
| 260 | |aOttawa - Ontario : |bPêches et Océans Canada. |cNovembre 1997. |
| 300 | |a23p.|bgraphiques, ill. (certaines en couleur), cartes |
| 500 | |aLe n° de catalogue (1-61/3-1997F) et l'ISBN (0-662-82469-5) de l'édition imprimée ont été incorrectement copiés dans l'édition électronique. |
| 590 | |a12-43-Supp|b2012-12-07 |
| 691 | 07|aGestion des pêches|2gcpds |
| 691 | 07|aRessources halieutiques|2gcpds |
| 775 | 08|t1998 Conservation requirements for redfish units 1, 2, 3 and 3 O : |w(CaOODSP)9.696884 |
| 856 | 40|ahttp://publications.gc.ca|qPDF|s184 Ko|uhttps://publications.gc.ca/collections/Collection/Fs1-61-3-1997F.pdf |
| 986 | |aCCRH.97.R.7 |